000 00339nam a22001337a 4500
008 180905b xxu||||| |||| 00| 0 eng d
020 _a0872623459
041 _aeng
080 _a574
100 _a9
101 _aMJE
245 _aPrinciples Project Formukation For Irrigatiob And Drainage Project
_cBaumli,G.R
942 _2udc
_cBK
999 _c47558
_d47558